Southville International School and Colleges
Your cart is empty.
  • Cart
  • Lists
    Public lists Eva Luna New books Lux_list list_1
    Your lists Log in to create your own lists
  • Log in to your account
  • Your cookies
  • Search history
Southville International School and Colleges
  • Advanced search
  • Recent comments
  • Most popular
  • Libraries

Log in to your account

Log in with GOOGLE


If you do not have an external account, but do have a local account, you can still log in:

  1. Home
  2. MARC view: College algebra /
Normal view MARC view ISBD view

College algebra / (Record no. 335189)

[ view plain ]
MARC details
000 -LEADER
fixed length control field 00565nam a2200193Ia 4500
003 - CONTROL NUMBER IDENTIFIER
control field SISC
005 - DATE AND TIME OF LATEST TRANSACTION
control field 20170629104121.0
008 - FIXED-LENGTH DATA ELEMENTS--GENERAL INFORMATION
fixed length control field 140321s9999 xx 000 0 und d
020 ## - INTERNATIONAL STANDARD BOOK NUMBER
International Standard Book Number 9781305299535
050 ## - LIBRARY OF CONGRESS CALL NUMBER
Classification number QA 154.2
Item number .G982 2014
100 ## - MAIN ENTRY--PERSONAL NAME
Personal name Gustafson, R. David.
245 ## - TITLE STATEMENT
Title College algebra /
Statement of responsibility, etc R. David Gustafson, James Stewart.
260 ## - PUBLICATION, DISTRIBUTION, ETC. (IMPRINT)
Place of publication, distribution, etc Singapore :
Name of publisher, distributor, etc Cengage Learning,
Date of publication, distribution, etc 2014.
300 ## - PHYSICAL DESCRIPTION
Extent vi, 770 pages :
Dimensions 24 cm.
Other physical details illustrations;
500 ## - GENERAL NOTE
General note Includes bibliographical references.
650 ## - SUBJECT ADDED ENTRY--TOPICAL TERM
Topical term or geographic name as entry element Algebra.
942 ## - ADDED ENTRY ELEMENTS (KOHA)
Koha item type Books
Source of classification or shelving scheme Library of Congress Classification
Holdings
Withdrawn status Lost status Source of classification or shelving scheme Damaged status Home library Current library Shelving location Date acquired Source of acquisition Total Checkouts Total Renewals Full call number Barcode Date last seen Date checked out Price effective from Koha item type
    Library of Congress Classification   College Library College Library Reserve Section 05/30/2017 Library Fund 2 18 QA 154.2 .G982 2014 C20924 01/07/2019 12/11/2018 05/30/2017 Books

College algebra /

APA

Gustafson R. D., . (2014). College algebra. Singapore: Cengage Learning.

Chicago

Gustafson R David, . 2014. College algebra. Singapore: Cengage Learning.

Harvard

Gustafson R. D., . (2014). College algebra. Singapore: Cengage Learning.

MLA

Gustafson R David, . College algebra. Singapore: Cengage Learning. 2014.

  • Place hold
  • Print
  • Cite
  • Add to your cart (remove)
  • Save record
    BIBTEX Dublin Core MARCXML MARC (non-Unicode/MARC-8) MARC (Unicode/UTF-8) MARC (Unicode/UTF-8, Standard) MODS (XML) RIS
  • More searches
    Search for this title in:
    Other Libraries (WorldCat) Other Databases (Google Scholar) Online Stores (Bookfinder.com) Open Library (openlibrary.org)

Exporting to Dublin Core...

SOUTHVILLE LIBRARY

Southville International School and Colleges Library

1281 Tropical Ave. Cor. Luxembourg St., BF Homes International, Las Pinas City

Tel. No. 8256374 / 252358 Loc. 117/146

Powered by Koha